The psychology of the unadjusted school child /

Bibliographic Details
Main Author: Morgan, John Jacob Brooke, 1888-1945
Format: Book
Language:English
Published: New York : Macmillan, 1936.
Edition:Rev. ed.
Subjects:

MARC

Tag First Indicator Second Indicator Subfields
LEADER 00000cam a2200000 4500
001 in00000062002
005 20151008051110.0
008 721201s1936 eng u
010 |a  36017607  
035 |a (OCoLC)00505224 
035 |9 AAG5714AM 
040 |c AKR  |d TXA  |d UtOrBLW 
049 |a TXAM  |c [124718] 
050 0 0 |a BF721  |b .M73 1936 
092 |a 136.7  |b M848p 1936 
100 1 |a Morgan, John Jacob Brooke,  |d 1888-1945. 
245 1 4 |a The psychology of the unadjusted school child /  |c by John J. B. Morgan. 
250 |a Rev. ed. 
264 1 |a New York :  |b Macmillan,  |c 1936. 
300 |a vii, 339 pages ;  |c 21 cm. 
336 |a text  |b txt  |2 rdacontent 
337 |a unmediated  |b n  |2 rdamedia 
338 |a volume  |b nc  |2 rdacarrier 
500 |a "Selected books for further reading": pages 329-330. 
650 0 |a Child psychology. 
650 0 |a Psychology. 
650 0 |a Exceptional children. 
999 |a MARS 
999 f f |s 7e69a1c1-2898-322c-a245-123c301225b6  |i e42b152e-7e04-372a-abb1-e012b818f24f  |t 0 
952 f f |p ric  |a Texas A&M University  |b Rellis Campus  |c Joint Library Facility  |d Remote Storage  |t 0  |e BF721 .M73 1936  |h Library of Congress classification  |i unmediated -- volume  |m A14800514218 
998 f f |a BF721 .M73 1936  |t 0  |l Remote Storage